[Event "GER-ch U25-B"]
[Site "Willingen"]
[Date "2023.06.03"]
[Round "9"]
[White "Link, Moritz"]
[Black "Heitmann, Erik"]
[Result "1-0"]
[WhiteElo "1589"]
[BlackElo "1236"]
[PlyCount "91"]
[EventDate "2023.05.27"]
[EventType "swiss"]
[EventRounds "9"]
[EventCountry "GER"]
[SourceTitle "CBM 214 Extra"]
[Source "ChessBase"]
[SourceDate "2023.07.31"]
[SourceVersion "1"]
[SourceVersionDate "2023.07.31"]
[SourceQuality "1"]

1. e4 c5 2. Nc3 d6 3. d4 cxd4 4. Qxd4 e5 5. Qd2 a6 6. b3 Nf6 7. Bb2 Be7 8. 0-0-0 Nbd7 9. Kb1 0-0 10. f3 Nc5 11. g4 Ne8 12. Nd5 Bg5 13. Qg2 Nc7 14. Nb6 Ra7 15. Bxe5 Ne8 16. Nxc8 Qxc8 17. Bd4 b6 18. h4 Bf4 19. Ne2 Be5 20. f4 Bxd4 21. Nxd4 Nf6 22. e5 dxe5 23. fxe5 Nxg4 24. Rg1 h5 25. Be2 f5 26. Bxg4 fxg4 27. Qd5+ Kh7 28. e6 Re7 29. Qxh5+ Kg8 30. Nf5 Rxe6 31. Qxg4 Rf7 32. Nxg7 Kf8 33. Nxe6+ Nxe6 34. Qg8+ Ke7 35. Qxc8 Kf6 36. Rde1 Re7 37. Qc3+ Kf7 38. Qh8 b5 39. Rgf1+ Kg6 40. Qf6+ Kh7 41. Qxe7+ Kg6 42. Rf6+ Kh5 43. Qh7+ Kg4 44. Rg1+ Kh3 45. Qd3+ Kh2 46. Qg3# 1-0

[Event "GER-ch U25-B"]
[Site "Willingen"]
[Date "2023.06.01"]
[Round "7"]
[White "Frowein, Jamie"]
[Black "Heitmann, Erik"]
[Result "0-1"]
[WhiteElo "1441"]
[BlackElo "1236"]
[PlyCount "108"]
[EventDate "2023.05.27"]
[EventType "swiss"]
[EventRounds "9"]
[EventCountry "GER"]
[SourceTitle "CBM 214 Extra"]
[Source "ChessBase"]
[SourceDate "2023.07.31"]
[SourceVersion "1"]
[SourceVersionDate "2023.07.31"]
[SourceQuality "1"]

1. c4 e6 2. Nf3 Nf6 3. Nc3 b6 4. d4 d5 5. e3 Be7 6. b3 0-0 7. cxd5 Nxd5 8. Nxd5 exd5 9. Bd3 Ba6 10. 0-0 Bxd3 11. Qxd3 Nd7 12. Bb2 Nf6 13. Ne5 Qd6 14. Rac1 c5 15. Ba3 Rfc8 16. Qe2 Qe6 17. Rfd1 Rc7 18. Nd3 Rac8 19. Nf4 Qf5 20. dxc5 bxc5 21. Nxd5 Nxd5 22. e4 Nf4 23. Qd2 Qg5 24. g3 Nh3+ 25. Kg2 Qxd2 26. Rxd2 Ng5 27. Rc4 h6 28. Rdc2 Ne6 29. f4 Nd4 30. Rc1 Nb5 31. Bb2 Rd8 32. R1c2 Rcd7 33. Bc1 Rd4 34. a4 Rxc4 35. Rxc4 Nd6 36. Rxc5 Rc8 37. Rxc8+ Nxc8 38. Kf3 Bb4 39. Be3 a6 40. e5 Ne7 41. Ke4 g6 42. Kd4 Nf5+ 43. Kd3 Nxe3 44. Kxe3 Kf8 45. Ke4 Ke7 46. g4 a5 47. h4 h5 48. gxh5 gxh5 49. Kf5 Be1 50. Kg5 Ke6 51. f5+ Kxe5 52. f6 Bxh4+ 53. Kxh4 Kxf6 54. Kxh5 Ke5 0-1

[Event "GER-ch U10"]
[Site "Willingen"]
[Date "2022.06.08"]
[Round "7"]
[White "Fadeev, Justin Michael"]
[Black "Heitmann, Erik"]
[Result "1-0"]
[WhiteElo "1320"]
[BlackElo "1287"]
[PlyCount "153"]
[EventDate "2022.06.04"]
[EventType "swiss"]
[EventRounds "11"]
[EventCountry "GER"]
[SourceTitle "CBM 208 Extra"]
[Source "ChessBase"]
[SourceDate "2022.07.31"]
[SourceVersion "1"]
[SourceVersionDate "2022.07.31"]
[SourceQuality "1"]

1. e4 c5 2. Nf3 d6 3. d4 cxd4 4. Nxd4 Nf6 5. Nc3 a6 6. Be3 e5 7. Nf3 Be7 8. Bc4 b5 9. Bd5 Nxd5 10. Qxd5 Qd7 11. Qxa8 Nc6 12. Nd5 Bd8 13. Nb6 Bxb6 14. Bxb6 0-0 15. 0-0 Bb7 16. Qxf8+ Kxf8 17. Rad1 Nb4 18. Rd2 Ke8 19. Rfd1 d5 20. a3 Nc6 21. exd5 Ne7 22. Nxe5 Qd6 23. Bc7 Qxc7 24. d6 Qd8 25. dxe7 Qxe7 26. Rd8+ Qxd8 27. Rxd8+ Kxd8 28. Nxf7+ Ke7 29. Ng5 h6 30. Nf3 Bxf3 31. gxf3 Kd6 32. Kf1 Ke5 33. Ke2 Kf4 34. b3 g5 35. h3 Ke5 36. Ke3 Kf5 37. c4 bxc4 38. bxc4 Ke5 39. Kd3 Kd6 40. Kd4 Kc6 41. c5 a5 42. a4 Kd7 43. Kd5 Kc7 44. c6 Kc8 45. Kc5 Kc7 46. Kb5 h5 47. Kc5 h4 48. Kd5 Kc8 49. Kd6 Kd8 50. c7+ Kc8 51. Kc5 Kxc7 52. Kb5 Kd6 53. Kxa5 Kc5 54. Ka6 Kb4 55. Kb6 Kxa4 56. Kc5 Kb3 57. Kd4 Kb4 58. Ke5 Kc5 59. Kf5 Kd5 60. Kxg5 Ke5 61. f4+ Ke6 62. Kxh4 Kf5 63. Kh5 Kxf4 64. Kg6 Ke5 65. h4 Ke6 66. h5 Ke7 67. Kg7 Ke6 68. h6 Kf5 69. h7 Kg5 70. h8Q Kf5 71. Qh6 Kg4 72. Qf6 Kh3 73. Qg5 Kh2 74. Kf6 Kh1 75. Kf5 Kh2 76. Kf4 Kh1 77. Kf3 1-0

[Event "GER-ch U10"]
[Site "Willingen"]
[Date "2021.08.24"]
[Round "4"]
[White "Heitmann, Erik"]
[Black "Prashanthakumar, Arju"]
[Result "0-1"]
[WhiteElo "1262"]
[BlackElo "953"]
[PlyCount "82"]
[EventDate "2021.08.22"]
[EventType "swiss"]
[EventRounds "11"]
[EventCountry "GER"]
[SourceTitle "EXT 2022"]
[Source "ChessBase"]
[SourceDate "2021.10.06"]
[SourceVersion "1"]
[SourceVersionDate "2021.10.06"]
[SourceQuality "1"]

1. d4 Nf6 2. Bf4 d5 3. e3 e6 4. Nf3 Bd6 5. Bd3 0-0 6. 0-0 b6 7. Nbd2 Ba6 8. c4 c5 9. Bg5 Nbd7 10. e4 dxe4 11. Nxe4 Be7 12. Nxf6+ Bxf6 13. h4 Bxg5 14. Nxg5 h6 15. Qh5 Nf6 16. Qf3 Qxd4 17. Ne4 Nxe4 18. Bxe4 Rad8 19. b3 Qf6 20. Qh3 Rd4 21. Rae1 Rd2 22. Bb1 Bb7 23. Rd1 Rfd8 24. Rde1 R8d4 25. f3 Qxh4 26. Qxh4 Rxh4 27. Rf2 Rxf2 28. Kxf2 Kf8 29. Rd1 Rd4 30. Re1 Ke7 31. g4 Kf6 32. Be4 Bxe4 33. fxe4 Rd2+ 34. Re2 Rxe2+ 35. Kxe2 Ke5 36. Ke3 f5 37. gxf5 exf5 38. exf5 Kxf5 39. Kf3 g5 40. a4 g4+ 41. Kg3 h5 0-1